Echelle de mots : de la Poule à l'Œuf - Statistiques

Statistiques générales
  • Ce quiz a été pris 4 361 fois
  • Le résultat moyen est 10 sur 12
Statistiques - réponses
Hint Réponse % Correct
Insecte parasite. -1 lettre Pou
100%
Femelle du coq Poule
100%
Ce que certains insectes ou oiseaux pondent Œuf
96%
Chiffre après le huit Neuf
95%
Pas beaucoup Peu
95%
Mollusque comestible Moule
89%
Nord ou sud Pole
77%
Faire la.. -1 lettre Moue
76%
Drogue (argot) +1 lettre Peuf
76%
Fonction remplie par quelqu'un Role
70%
Disque tournant sur son axe Roue
70%
le bruit d'une arme à feu qu'on décharge (interjection) Poue
48%
Aucun quiz correspondant
Distribution des résultats
% des personnes avec chaque résultat
Percentile par nombre de réponses
Votre historique - résultats
Vous n’avez pas pris ce quiz